000 00526nam a2200193 4500
999 _c171886
_d171886
005 20200122173619.0
010 _aENG-127519
020 _c250.00
_a9788187649830
035 _aEN-111051
037 _bDBAD/PUB
082 _a881
100 _aSmith,John D
245 _aPabuji/
_cby John D Smith
260 _aNew Delhi
_bKatha
_c2005
270 _aA-3 Sarvodaya Enclave Sri Aurobindo Marg
_bNew Delhi
_e110017
300 _a182p.
_c22cm(pbk)
700 _a Schenk,Linda
942 _2ddc
_cEN
_h881
_mSMI